Štatistická ročenka hlavného mesta SR Bratislavy 1996

Gespeichert in:
Bibliographische Detailangaben
Format: Buch
Sprache:Slowakisch
Veröffentlicht: Bratislava Mestská správa Štatistického úradu SR 1996
Schlagworte:
Tags: Tag hinzufügen
Keine Tags, Fügen Sie das erste Tag hinzu!

MARC

LEADER 00000nam a2200000 4500
001 c017249
005 20260116112129.9
041 0 |a slo 
044 |a SK 
245 1 0 |a Štatistická ročenka hlavného mesta SR Bratislavy 1996 
264 1 |a Bratislava  |b Mestská správa Štatistického úradu SR  |c 1996 
300 |a 301 s. 
610 2 0 |a Slovensko 
610 2 0 |a mestá 
610 2 0 |a Bratislava